Ice Age 1-5 Villains - Statistics

General Stats
  • This quiz has been taken 27 times
  • The average score is 4 of 8
Answer Stats
Hint Answer Movie % Correct
A massive albino baryonyx who gave Buck his eyepatch. Rudy Ice Age: Dawn of the Dinosaurs
79%
The leader of the sabertooth pack that Diego was once a part of. Soto Ice Age
63%
A ruthless ape pirate captain who is cruel to own crew mates. Captain Gutt Ice Age: Continental Drift
58%
A ichthyosaur who is slender and purple and is the companion of the one below. Cretaceous Ice Age: The Meldown
42%
A pliosaur who is large and bulky and is the companion of the one above. Maelstrom Ice Age: The Meltdown
42%
The father dino-bird of the two below. Gavin Ice Age: Collision Course
26%
The sister dino-bird of the one below. Gertie
21%
The brother dino-bird of the above and who actually doesn't want to go with their family's wishes. Roger
21%
No matching quizzes found
Score Distribution
Percent of People with Each Score
Percentile by Number Answered
Your Score History
You have not taken this quiz